Оптимизация внутризаводского электроснабжения: [тематический сборник]

Bibliographische Detailangaben
Körperschaft: Московский энергетический институт
Weitere Verfasser: Федоров А. А. (редактор)
Sprache:Russisch
Veröffentlicht: Москва, Изд-во МЭИ, 1975
Schriftenreihe:Труды Московского энергетического института (МЭИ) Вып. 218
Schlagworte:
Format: MixedMaterials Buch
KOHA link:https://koha.lib.tpu.ru/cgi-bin/koha/opac-detail.pl?biblionumber=360432

MARC

LEADER 00000nam0a2200000 4500
001 360432
005 20250211063215.0
035 |a (RuTPU)RU\TPU\retro\17758 
035 |a RU\TPU\retro\17757 
090 |a 360432 
100 |a 20210405d1975 k y0rusy5003 ca 
101 0 |a rus 
102 |a RU 
105 |a y z 001zy 
200 1 |a Оптимизация внутризаводского электроснабжения  |e [тематический сборник]  |f Московский энергетический институт ; под ред. А. А. Федорова 
210 |a Москва  |c Изд-во МЭИ  |d 1975 
215 |a 152 с.  |c табл., ил. 
225 1 |a Труды Московского энергетического института (МЭИ)  |v Вып. 218 
320 |a Библиогр. в конце ст. 
500 1 0 |a Труды Московского энергетического института  |9 88841 
606 1 |a Промышленные предприятия  |x Электроснабжение  |x Оптимизация  |2 stltpush  |3 (RuTPU)RU\TPU\subj\52730  |9 71133 
610 1 |a шкалы 
610 1 |a мощность 
610 1 |a трансформаторы 
610 1 |a расчеты на ЭВМ 
610 1 |a несинусоидальное напряжение 
610 1 |a внутризаводское электроснабжение 
610 1 |a коэффициенты мощности 
610 1 |a отклонения напряжения 
610 1 |a генераторы 
610 1 |a рассеяние света 
610 1 |a осветительные сети 
610 1 |a укрупненные показатели 
610 1 |a ЦВМ 
610 1 |a технико-экономические расчеты 
610 1 |a переходные процессы 
610 1 |a электродвигатели 
610 1 |a решение задач 
610 1 |a сталеплавильные печи 
610 1 |a нагрузочный режим 
610 1 |a электропечные установки 
610 1 |a цеховые подстанции 
610 1 |a асинхронные электродвигатели 
610 1 |a внутризаводское электроснабжение 
675 |a 658.26:621.31.001.26  |v 3 
702 1 |a Федоров  |b А. А.  |4 340 
712 0 2 |a Московский энергетический институт  |c (1930-1992)  |3 (RuTPU)RU\TPU\col\20092  |9 27693 
801 0 |a RU  |b 63413507  |c 19950704  |g psbo 
801 1 |a RU  |b 63413507  |c 20060118  |g PSBO 
801 2 |a RU  |b 63413507  |c 20220209  |g PSBO 
942 |c BK